00918nam a2200181Ia 4500003000900000008004100009020002200050040001600072080002300088111016600111245028000277260004800557300002300605650002600628650002300654700002800677700003100705IN-BaIIA211028s9999 xx 000 0 eng d a978-0-521-76499-5 cIIA Library a082.2:52bIAU-S266 aSymposium of the International Astronomical Union Star Clusters, Basic Galactic Building Blocks Throughout Time and Spacen266thcRio De Janeirod2009 Aug. 10-14 0aStar clustersbproceedings of the 266th Symposium of the IAU on Star clusters, basic galactic building blocks throughout Time and Space, held in Rio de Janeiro, Brazil, 10-14 Aug 2009cedited by Richard De Grijs and Jacques R. D. Lepine  aCambridgebCambridge University Pressc2010 a[various pagings.] aClusters - congresses aStars - congresses aDe Grijs, Richard., ed. aLepine, Jacques R. D., ed.